01467nam a2200349 a 4500001001000000003000500010005001700015008004100032010001100073011001100084040000900095090001000104100004100114245012900155260004100284500006000325502007700385590004100462590004000503590004000543650003300583650003600616650003700652650004000689856007000729901000700799942001000806942000600816999001900822952014000841952013600981000110955CHAP20220329144152.0141030s2014 mx a fsm |||||||spa d a107417 a108389 cCHAP aTesis1 aVidal Siles, Edgar Francisco912873210aEfecto de vernalización en la diferenciación floral de zarzamora 'Tuppi'h[En línea]cpor Edgar Francisco Vidal Siles. aChapingo, Méx. :bEl autor,c2014. aPara ver el contenido del material haga clic en la liga aTesis (Ing. Agr. Esp. en Fitotecnia) -- UACH. Departamento de Fitotecnia aE11695DGDb10c20141030lUCH01h1200 aE5995AHEb05c20141030lUCH01h1010 aE5995AHEb05c20141030lUCH01h101214aPlantasxFloración.98884114aZarzamoraxCrecimiento.912373314aZarzamoraxProducción.912374414aZarzamoraxVernalización.9128733 aFinding aiduhttp://10.13.5.2/tesis/sist110955.pdfzTeclea aquí aBK cTESIS n0 c107417d107417 00102local4053708TESISaBCbBCcPA_TESISd2014-10-30fTESISl0oTesisp33724002425991r2019-12-31 00:00:00tc.2w2019-12-31yTESIS 00104054718TESISaBCbBCd2014-10-30fTESISl0oTesisp33724002426033r2019-12-31 00:00:00w2019-12-31yTESISzRecien adquirido